Normal view
MARC view
Entry Personal Name
001 - CONTROL NUMBER
- control field: 2395
003 - CONTROL NUMBER IDENTIFIER
- control field: BD-SpBAUS
005 - DATE AND TIME OF LATEST TRANSACTION
- control field: 20260222092115.0
008 - FIXED-LENGTH DATA ELEMENTS
- fixed length control field: 260222|| aca||aabn | a|a d
040 ## - CATALOGING SOURCE
- Original cataloging agency: BD-SpBAUS
- Transcribing agency: BD-SpBAUS
100 ## - HEADING--PERSONAL NAME
- Personal name: Garg, Santosh Kumar
670 ## - SOURCE DATA FOUND
- Source citation: Work cat.: (BD-SpBAUS)972: Garg, Santosh Kumar , Physical and Engineering Geology /, c1979 [Reprint 2018].
